00525nam a2200157Ia 4500008004100000082002000041100002300061245001400084260004400098300000900142630001800151650005400169942000900223952011800232999001700350211109s9999||||xx |||||||||||||| ||und|| a894.8121bKUN-P aKunjiraman Nair, P 0aPookkalam bSahithya Pravarthaka...aKottayamc1964 a480p xGeneral Stack aMalayalam LiteraturevMalayalam PoetryxMalayalam cBOOK 00104070aSBCLbSBCLc2d2021-11-09g100.00l0o894.8121 KUN-Pp00024648r2021-11-09 00:00:00w2021-11-09yBOOK c23890d23890